Introduction to linear programming with MATLAB (Record no. 483304)

MARC details
000 -LEADER
fixed length control field 00769nam a2200241Ia 4500
003 - CONTROL NUMBER IDENTIFIER
control field OSt
005 - DATE AND TIME OF LATEST TRANSACTION
control field 20220925171729.0
008 - FIXED-LENGTH DATA ELEMENTS--GENERAL INFORMATION
fixed length control field 220923b |||||||| |||| 00| 0 eng d
020 ## - INTERNATIONAL STANDARD BOOK NUMBER
International Standard Book Number 9781138092266
037 ## - SOURCE OF ACQUISITION
Terms of availability General Book
040 ## - CATALOGING SOURCE
Original cataloging agency RTL
Transcribing agency RTL
Language of cataloging eng
041 ## - LANGUAGE CODE
Source of code eng
Language code of text/sound track or separate title eng
100 ## - MAIN ENTRY--PERSONAL NAME
Personal name MISHRA Shashi Kant
9 (RLIN) 240099
245 #0 - TITLE STATEMENT
Title Introduction to linear programming with MATLAB
260 ## - PUBLICATION, DISTRIBUTION, ETC.
Place of publication, distribution, etc. Boca Raton
Name of publisher, distributor, etc. CRC Press
Date of publication, distribution, etc. 2018
300 ## - PHYSICAL DESCRIPTION
Extent xiii,313p
Dimensions cm.
700 ## - ADDED ENTRY--PERSONAL NAME
Personal name RAM Bhagwat
9 (RLIN) 240100
942 ## - ADDED ENTRY ELEMENTS (KOHA)
Classification part B2891, Q8
Koha item type General Books
Source of classification or shelving scheme Colon Classification (CC)
Holdings
Withdrawn status Lost status Damaged status Not for loan Home library Current library Date acquired Source of acquisition Cost, normal purchase price Total Checkouts Full call number Barcode Date last seen Cost, replacement price Price effective from Koha item type
        Ratan Tata Library Ratan Tata Library 2022-09-25 115, 27/02/2018, AVIVA BOOKS COMPANY 7544.00   B2891 Q8 RT1500900 2022-09-25 7544.00 2022-09-25 General Books
Copyright @ Delhi University Library System